000 00697nam0a22002531 4500
001 rc\2599147
005 20250623130455.0
035 _a(NLR Aleph) 006763249
090 _a5866795
_c5866795
100 _a20110914d1930 |||y0rusy50 ca
101 0 _arus
102 _aRU
105 _aa z |||a|
200 1 _aГалоши
_e[Рассказ]
_fН. Дирш
_gРис. Е. Рачева
210 _aКиев
_cКультура
_d1930
215 _a[12] с., (с обл.)
_cил.
_d19,5 см.
700 1 _aДирш
_bНат.
702 1 _aРачев
_bЕ.
_4440
801 0 _aRU
_bNLR
_gpsbo
801 1 _aRU
_bELAR
_2rusmarc
852 _aNLR
_j30.9/1312
942 _cBOOK
980 _aNB